| 000 | 02542pam a22003734a 4500 | ||
|---|---|---|---|
| 001 | 6866465 | ||
| 003 | ARRUPE | ||
| 005 | 20150129165142.0 | ||
| 008 | 080220s2008 wiu b 001 0aeng | ||
| 010 | _a 2008007883 | ||
| 020 | _a9780874620238 (clothbound : alk. paper) | ||
| 020 | _a0874620236 (clothbound : alk. paper) | ||
| 024 | _a99821259562 | ||
| 035 | _a(OCoLC)212908720 | ||
| 035 | _a(OCoLC)ocn212908720 | ||
| 035 | _a(NNC)6866465 | ||
| 040 |
_aDLC _cDLC _dYDX _dYDXCP _dBAKER _dBTCTA _dOrLoB-B |
||
| 043 | _an-us--- | ||
| 050 | 0 | 0 |
_aBX4705.D283 _bA3 2008 |
| 082 | 0 | 0 |
_a267/.182092 _aB _222 |
| 100 | 1 |
_aDay, Dorothy, _d1897-1980. _913976 |
|
| 245 | 1 | 4 |
_aThe duty of delight : _bthe diaries of Dorothy Day / _cedited by Robert Ellsberg. |
| 260 |
_aMilwaukee, Wis. : _bMarquette University Press, _cc2008. |
||
| 300 |
_axxxiv, 669 p. ; _c24 cm. |
||
| 504 | _aIncludes bibliographical references and index. | ||
| 505 | 0 | 0 |
_tChronology -- _gPt. I. _tThe Thirties -- _gPt. II. _tThe Forties -- _gPt. III. _tThe Fifties -- _gPt. IV. _tThe Sixties -- _gPt. V. _tThe Seventies -- _gPt. VI. _tThe Final Diary: 1980. |
| 520 | 1 | _a"Dorothy Day, co-founder of the Catholic Worker movement, has been called "the most significant, interesting, and influential person in the history of American Catholicism." For almost fifty years, through her tireless service of the poor and her courageous witness for peace, she offered an extraordinary example of the gospel in action. Now the publication of her diaries, previously sealed for twenty-five years after her death, offers a uniquely intimate portrait of her daily struggles and concerns." "Beginning in 1934, soon after the founding of the Catholic Worker, and ending in 1980, just days before her death, these diaries reflect her response to the vast changes in America, the church, and the wider world." "Most of her life was spent in the discipline of prayer and worship that structured her days; and in her efforts to find God in all the tasks and encounters of daily life. The record of this pilgrimage displays a rare balance between radicalism and tradition, action and contemplation, the transcendent and the everyday. Ultimately it challenges readers to imagine what it would be like to live as if the gospel were true."--BOOK JACKET. | |
| 600 | 1 | 0 |
_aDay, Dorothy, _d1897-1980 _vDiaries. _913977 |
| 650 | 0 |
_aCatholics _zUnited States _vDiaries. _913978 |
|
| 700 | 1 |
_aEllsberg, Robert.(ed.) _913979 |
|
| 900 | _bTOC | ||
| 942 |
_2lcc _cMONOGRAPH |
||
| 948 | 1 |
_a20080917 _bc _crad1 _dMPS |
|
| 999 |
_c121676 _d121676 |
||